MARC

LEADER 00000nam a2200000Ia 4500
001 9254
008 160829s1936 xx 000 0 cat d
080 |a M-3-297 
100 |a Catalunya. Lleis, etc.  |9 35754 
245 |a Decret sobre la col·lectivització i control de la indústria i el comerç a Catalunya 
260 |a Barcelona :  |b Generalitat de Catalunya. Conselleria d'Economia,  |c 1936 
300 |a 105 p. ;  |c 19 cm 
590 |a Textos en català i castellà. vbcrlfAprovat pel Consell de la Generalitat de Catalunya el 24 d'octubre de 1936. 
650 |a Empreses  |x Catalunya  |x Col·lectivització  |x Dret i legislació  |9 31900 
710 1 |a Catalunya.   |b Conselleria d'Economia  |9 56401 
901 |a Arxiu 
942 |n 1 
952 |0 0  |1 0  |4 0  |6 M3297  |7 1  |9 45796  |a Arxiu  |b Arxiu  |d 2016-12-01  |l 0  |o M-3-297  |p 9254  |r 2016-12-01 00:00:00  |w 2016-12-01  |y ARXIU 
999 |c 49296  |d 49296